Feminismos lesbianos queer: ¿utopía o distopía feminista? (Record no. 207839)

MARC details
000 -CABECERA
campo de control de longitud fija 01553nab a2200253 a 4500
005 - FECHA Y HORA DE LA ÚLTIMA TRANSACCIÓN
campo de control 20241016063852.0
008 - ELEMENTOS DE LONGITUD FIJA--INFORMACIÓN GENERAL
campo de control de longitud fija 991125s1985 mx 000 0 spa u
035 ## - NÚMERO DE CONTROL DEL SISTEMA
Número de control de sistema UPN01000235744
040 ## - FUENTE DE LA CATALOGACIÓN
Centro catalogador/agencia de origen MX-MxUPN
Lengua de catalogación spa
Centro/agencia transcriptor MX-MxUPN
Normas de descripción aacr2
049 ## - COLECCIÓN
Colección ART-E
100 1# - ASIENTO PRINCIPAL--NOMBRE PERSONAL
Nombre de persona Suárez Briones, Beatriz
Enlace - bsuarez@uvigo.es
245 10 - MENCIÓN DE TÍTULO
Título Feminismos lesbianos queer: ¿utopía o distopía feminista?
Medio [recurso electrónico en línea]
506 0# - NOTA DE RESTRICCIONES AL ACCESO
Limitaciones de acceso Acceso abierto
520 3# - NOTA DE RESUMEN, ETC.
Sumario, etc. Este trabajo hace un recorrido por los hitos del pensamiento feminista lesbiano y queer que han venido configurando su reflexión y su activismo desde los años 1960 hasta hoy. Compila la historia de las categorías sexuales para asumir y reclamar el “feminismo lesbiano queer” como término de autodefinición radical. Reflexión y activismo son las dos caras de una misma moneda y los textos que aquí nos ocupan conforman un acervo heterogéneo y cautivante, provocador y subversivo que debería formar parte de cualquier manual de la buena feminista, aunque no sea así. Su radical anti-normatividad y anti-heteronormatividad es un acicate y un instrumento para la revolución (sexual).
650 #4 - ASIENTO SECUNDARIO DE MATERIA - TERMINO TEMATICO
Término de materia o nombre geográfico como elemento de entrada Género
9 (RLIN) 5712
650 #2 - ASIENTO SECUNDARIO DE MATERIA - TERMINO TEMATICO
Término de materia o nombre geográfico como elemento de entrada Sexualidad
9 (RLIN) 7977
653 0# - TERMINO DE INDIZACION - NO CONTROLADO
Término no controlado Lesbianismo
653 0# - TERMINO DE INDIZACION - NO CONTROLADO
Término no controlado Identidad sexual
773 ## - ENLACE AL DOCUMENTO FUENTE/ENTRADA DE REGISTRO ANFITRIÓN
Parte(s) relacionada(s) Vol. 10, no. 1 (2019), p. 9-26
Título Investigaciones feministas
Número Internacional Normalizado para Publicaciones Seriadas 2171-6080
856 40 - LOCALIZACIÓN Y ACCESO ELECTRÓNICOS
Identificador Uniforme del Recurso <a href="https://revistas.ucm.es/index.php/INFE/article/view/64240/4564456551366">https://revistas.ucm.es/index.php/INFE/article/view/64240/4564456551366</a>
902 ## - ELEMENTOS DE DATOS B LOCAL, LDB (RLIN)
Creó GloriaJiménez
Modificó GloriaJiménez/260922
905 ## - TIPO DE MATERIAL
Tipo de material Articulo
942 ## - ELEMENTOS DE PUNTO DE ACCESO ADICIONAL (KOHA)
Tipo de ítem Koha Artículo Electrónico
Holdings
Estado de retiro Estado de pérdida Estado dañado No para préstamo Código de colección Localización permanente Ubicación/localización actual Ubicación en estantería Fecha de adquisición Total de préstamos Fecha visto por última vez Precio válido a partir de Tipo de ítem Koha
        Acceso abierto Bib. Gregorio Torres Quintero Bib. Gregorio Torres Quintero En línea 26/09/2022   26/09/2022 26/09/2022 Artículo Electrónico